000 00972nam0a22002771 4500
001 rc\2361577
005 20110829154620.6
035 _a(NLR Aleph) 006595709
090 _a7194058
_c7194058
100 _a20110829d1977 |||y0rusy50 ca
101 0 _arus
102 _aRU
105 _ay z |||||
200 1 _aНекоторые аспекты современной трактовки интернационализма
_e(Информ.-аналит. зап.)
_fАН СССР. Ин-т экономики мировой соц. системы
210 _aМосква
_cБ. и.
_d1977
215 _a56 с.
_d20
300 _aНа обл. авт. не указаны
333 _aДСП. Экз. № 56
700 1 _aНовопашин
_bЮ. С.
_gЮрий Степанович
701 1 _aКозликин
_bВ. Ф.
801 0 _aRU
_bNLR
_gpsbo
801 1 _aRU
_bELAR
_2rusmarc
852 _aNLR
_j78-50к/146
899 _aRuMoRGB
_jСХ
942 _cBOOK
980 _aNB